000 01019nam a2200253 i 4500
001 bg
100 1 _aANISZEWSKI, Andrzej
245 1 0 _aModelowanie migracji zanieczyszczeń w gruncie z uwzględnieniem procesu adsorpcji /
_cAndrzej Aniszewski.
260 _aSzczecin :
_bWydaw. Uczelniane PS,
_c2001.
300 _a92, [3] s. :
_brys., wykr. ;
_c24 cm.
490 1 _aPrace Naukowe Politechniki Szczecińskiej. Katedra Inżynierii Środowiska Wodnego,
_x1508-1567 ;
_vnr 2
500 _aW serii gł. nr 559. - Streszcz. ang., niem.
504 _aBibliogr. s. 83-92.
650 9 _aAdsorpcja
_xzagadnienia
650 9 _aModele matematyczne
_xstosowanie
_xhydrologia
650 9 _aPrzepływ
_xhydrologia
_xbadanie
650 9 _aWody podziemne
_xhigiena
_xbadanie
830 _aPrace Naukowe Politechniki Szczecińskiej. Katedra Inżynierii Środowiska Wodnego,
_x1508-1567 ;
040 _cBPK
041 0 _apl
_bende
080 _a551.44:614.7:532:544.723
942 _cKS
008 s pl f |000 0 pol
999 _c39424
_d39424
856 _uhttp://koha.tu.koszalin.pl/cgi-bin/koha/opac-detail.pl?biblionumber=39424
_yKatalog online BPK